000 00554nam a2200217Ia 4500
003 OSt
005 20220928135725.0
006 a|||||r|||| 00| 0
007 ta
008 220927b |||||||| |||| 00| 0 eng d
024 _a4664
037 _cTextual
040 _aSDCL
_cSDCL
_beng
041 _2eng
_aeng
082 _aX:54.20k58'N7, L9
100 _aSharma R K Ed.
_9395007
245 0 _aEconomics of Indo-Soviet trade
260 _c1979
942 _hX:54.20k58'N7, L9
_cTEXL
_2CC
999 _c808298
_d808298